| 000 | 00839nam a2200277 i 4500 | ||
|---|---|---|---|
| 001 | 15846 | ||
| 003 | ES-MaACL | ||
| 005 | 20250827062541.0 | ||
| 007 | t| | ||
| 008 | 000508s1996 sp ||||0| spa j | ||
| 020 | _a84-7476-232-4 | ||
| 040 |
_aM-BN _bspa _cM-BN |
||
| 080 | _a303.6 | ||
| 100 | 1 |
_aRequena Santos, Félix _996308 |
|
| 245 | 1 | 0 |
_aRedes sociales y cuestionarios / _cFélix Requena Santos. |
| 250 | _a1ª ed. | ||
| 260 |
_aMadrid : _bCentro de Investigaciones Sociológicas, _c1996. |
||
| 300 |
_a57 p ; _c24 cm. |
||
| 490 | 1 |
_aCuadernos metodológicos ; _v18 |
|
| 650 | 1 | 7 |
_aEncuestas _9227290 _2embne |
| 710 | 2 |
_aCentro de Investigaciones Sociológicas (España) _92708 |
|
| 830 | 0 |
_aCuadernos metodológicos ; _v18 _9179661 |
|
| 852 |
_aES-MaACL _jL-23104 _bR.126978 |
||
| 942 | _2udc | ||
| 999 |
_c15846 _d15846 |
||